LEADER 01067nam a2200253 4500 001 000000353552 003 CaOOAMICUS 005 20230426101720.0 008 230421s1995 it 000 u ita r 020 $a88-311-3956-8 040 $aSeMil$bita 100 1 $aDavid, Robert.$0(OLS)http://semarc/name/85512 240 12$aC'est pas funi! La création, d'her à demain.$0(OLS)http://semarc/title/443627 245 10$aCreazione o evoluzione :$bche cosa c'entra Dio? /$cRobert David. 264 1$aRoma :$bCittà Nuova,$c1995. 300 $a62 p. ;$c18 cm 650 4$aEvoluzione - Concezione cristiana.$0(OLS)http://semarc/subject/3364 850 $aSeMil 852 $aSeMil$W1$xVenegono$y1$m5D VI 3/7$j239959$B244735$CSeMilBibl$Z2$F244735 $81 961 $aPolezzo Stefanin - Lascito 996 $6020$a88-311-3956-8$9(OLS)http://semarc/number/298022 996 $6245$aCreazione o evoluzione :$bche cosa c'entra Dio?$9(OLS)http://semarc/title/443628 996 $6264$aRoma :$bCittà Nuova$9(OLS)http://semarc/publisher/29609 LEADER 01750nam a2200289 i 4500 001 000000249793 003 CaOOAMICUS 005 20160623000000.0 008 160623s1748 it u000 u ita u 013 $a228698 026 $aal55 unr- toda noep (3) 1748 (R) 040 $aSeMil$bita 245 10$aVita del venerabile servo di Dio P. Sebastiano Valfré della Congregazione dell'Oratorio di Torino raccolta da'processi fatti per la sua beatificazione .. 260 $aIn Torino :$bNella Stamperia d' Alessandro Vimercati Stampatore del S. Officio,$c1748. 300 $a[8], 416, 16 p., [1] carta di tav. :$britr. ;$c4º. 500 $aper l'A. Francesco Marino, cfr. Melzi, G. Anonime e pseudonime, v. 3, p. 237. - Ritr. calcogr. di Sebastiano Valfré. - Segn.: *4 A-3F4 *4 B4. - Iniz., fregi xilogr. - Lascito Card. C.M. Martini. 600 14$aValfrè, Sebastiano .$0(OLS)http://semarc/subject/1870 650 4$aReligiosi - Biografie.$0(OLS)http://semarc/subject/796 700 1 $aMarino, Francesco <1692-1780>.$0(OLS)http://semarc/name/82616 700 1 $aGregori, Carlo .$0(OLS)http://semarc/name/82255 700 1 $aVimercati, Alessandro .$0(OLS)http://semarc/name/82617 850 $aSeMil 852 $aSeMil$W1$xVenegono$y1$m3H V 154 FA$j200139$B200139$CSeMilBibl$Z2$F211636 $8I 941 1 $a4 961 $aLascito: Martini Card. Carlo Maria 996 $6245$aVita del venerabile servo di Dio P. Sebastiano Valfré della Congregazione dell'Oratorio di Torino raccolta da'processi fatti per la sua beatificazione ..$9(OLS)http://semarc/title/347585 996 $6260$aIn Torino :$bNella Stamperia d' Alessandro Vimercati Stampatore del S. Officio$9(OLS)http://semarc/publisher/57440